| 000 | 01268nac a22002891u 4500 | ||
|---|---|---|---|
| 010 | _a 94061505 | ||
| 020 | _a1850439095 | ||
| 035 | _a(OCoLC)32519819 | ||
| 082 |
_a305.800965 _bLOR |
||
| 090 |
_c7315 _d7315 |
||
| 100 | _aLorcin, Patricia M. E. | ||
| 245 | 1 | 0 |
_aImperial identities : _bstereotyping, prejudice and race in colonial Algeria / _cPatricia M.E. Lorcin. |
| 260 |
_aLondon : _bI.B. Tauris ; _aNew York : _bDistributed by St. Martin's,c1995. _cc1995. |
||
| 300 |
_ax, 323 p. : _bfolded col. map ; _c23 cm. |
||
| 440 | 0 | _aSociety and culture in the modern Middle East | |
| 500 | _aDistributerL: Baccah. | ||
| 504 | _aIncludes bibliographical references (p. 310-314) and index. | ||
| 511 | _aCatalogued By: Mahitab. | ||
| 650 | 0 |
_aKabyles _xStudy and teaching _zFrance. |
|
| 650 | 0 |
_aRacism _zFrance _xHistory. |
|
| 651 | 0 |
_aAlgeria _xEthnic relations. |
|
| 651 | 0 |
_aAlgeria _xHistory _y1830-1962. |
|
| 856 | 4 | 2 |
_3Contributor biographical information _uhttp://www.loc.gov/catdir/bios/hol059/94061505.html |
| 856 | 4 | 2 |
_3Publisher description _uhttp://www.loc.gov/catdir/description/hol055/94061505.html |
| 856 | 4 | 2 |
_3Table of contents _uhttp://www.loc.gov/catdir/toc/hol052/94061505.html |
| 942 |
_cBB _k305.800965 LOR |
||
| 999 |
_c7315 _d7315 |
||